| Tag |
First Indicator |
Second Indicator |
Subfields |
| LEADER |
00000cam a2200000Ii 4500 |
| 001 |
in00003441276 |
| 005 |
20151206095949.0 |
| 008 |
090327s2009 sp b 000 e spa d |
| 020 |
|
|
|a 9788483463383
|
| 020 |
|
|
|a 8483463385
|
| 035 |
|
|
|a (OCoLC)ocn879894044
|
| 040 |
|
|
|a TXA
|b eng
|e rda
|c TXA
|d UtOrBLW
|
| 049 |
|
|
|a TXAM
|
| 050 |
|
4 |
|a PQ6663.A7218
|b L58 2009
|
| 100 |
1 |
|
|a Marías, Javier,
|e author.
|
| 245 |
1 |
0 |
|a Literatura y fantasma /
|c Javier Marías ; prólogo de Elide Pittarello.
|
| 250 |
|
|
|a Primera edición con esta portada.
|
| 264 |
|
1 |
|a [Barcelona] :
|b Debolsillo,
|c 2009.
|
| 300 |
|
|
|a 424 pages, 8 unnumbered pages ;
|c 19 cm.
|
| 336 |
|
|
|a text
|b txt
|2 rdacontent
|
| 337 |
|
|
|a unmediated
|b n
|2 rdamedia
|
| 338 |
|
|
|a volume
|b nc
|2 rdacarrier
|
| 490 |
1 |
|
|a Contemporánea
|
| 500 |
|
|
|a Consists of 72 articles originally written 1978-2000.
|
| 504 |
|
|
|a Includes bibliographical references (pages 421-425).
|
| 505 |
0 |
|
|a Serie inglesa -- El autor sobre sus escritos -- Otras vanidades -- Sobre Benet y los amigos comunes -- Maestros ya antiguos -- Asuntos translaticios -- Dos despedidas.
|
| 650 |
|
0 |
|a Fantasy literature
|x History and criticism.
|
| 650 |
|
0 |
|a Literature
|x History and criticism.
|
| 830 |
|
0 |
|a Contemporánea (Debolsillo (Firm))
|
| 948 |
|
|
|a cataloged
|b h
|c 2014/5/16
|d o
|e jmarner
|f 3:28:33 pm
|
| 994 |
|
|
|a C0
|b TXA
|
| 999 |
|
|
|a MARS
|
| 999 |
f |
f |
|s 4bbbd42f-c99f-3ec2-bf56-745cbc69214c
|i b80cde22-1814-3d36-b3ed-f94538082bcc
|t 0
|
| 952 |
f |
f |
|p normal
|a Texas A&M University
|b College Station
|c Sterling C. Evans Library
|d Evans: Library Stacks
|t 0
|e PQ6663.A7218 L58 2009
|h Library of Congress classification
|i unmediated -- volume
|m A14842412075
|
| 998 |
f |
f |
|a PQ6663.A7218 L58 2009
|t 0
|l Evans: Library Stacks
|